01716nam a2200361 i 4500001001000000003000900010005001700019007000300036008004100039040003000080041000800110082002200118110003300140240001800173245012300191264006200314300002800376336002700404337003300431338002800464504003900492590002600531650006800557650004000625700004700665910003700712942001400749952013400763952014000897952015401037952014601191999001701337000021949DO-SdBNP20260119125130.0ta100915s1982 dr 001 0 spa d aDO-SdBNPbspacBNPHUerda aspa a346.07bR426c2221 aRepública Dominicana.944712a[Leyes, etc.]10aCompendio de la legislación de la República Dominicana en materia de comercio /cprólogo Leonel Rodríguez Rib. aSanto Domingo :bInstituto de Estudios Superiores,c1982. a582 páginas ;c23 cm. ardacontentbtexto2txt ardamediabsin mediación2n ardacarrierbvolumen2nc aBibliografía: páginas 577-582 aInventariado, 2018/LP 4aDerecho comercialxLegislaciónzRepública Dominicana910077 4aLeyeszRepública Dominicana930331 aRodríguez Rib, Leonel,eprólogo917524 aValidado. Control de calidad EMS 2ddccLBS1 00102ddc51708PDaBNPHUbBNPHUcHDd2010-09-15l0oBNPHU PD 346.07 R426cp21949-10r2020-06-25w2020-06-25yLBS1ZNo se presta 00102ddc51708PDaBNPHUbBNPHUcHDd2013-06-24l0oBNPHU PD 346.07 R426cp21949-20r2020-06-25te. 2w2020-06-25yLBS1ZNo se presta 00102ddc56708DSaBNPHUbBNPHUcCTd2026-01-19edonaciónl0oBNPHU DS 346.07 R426cp2026-0146r2026-01-19te.3w2026-01-19yLBS1zYudiht Jimenez 00102ddc56708DSaBNPHUbBNPHUcCTd2026-01-19edonaciónl0oBNPHU DS 346.07 R426cp2026-0148r2026-01-19te.4w2026-01-19yLBS1zCERTEV c21447d21447